000 00581nam a2200145Ia 4500
008 100415s9999 xx 000 0 und d
082 _b20606
_a574.5(5488)
100 _aANDREWS, HARRY V.(EDITOR)
245 _aSustainable Management of Protected Areas in THe Andaman Nicobar Islands.: Reference
260 _aNEW DELHI
_c2002
_bANET, IIPA AND FFI
365 _b1
630 _aSustainable Management of Protected Areas in THe Andaman Nicobar Islands.: Reference
730 _aSustainable Management of Protected Areas in THe Andaman Nicobar Islands.: Reference
942 _cBOOK
999 _c603488
_d603485